La sana crítica: doctrina - jurisprudencia
Kaydedildi:
| Yazar: | |
|---|---|
| Materyal Türü: | Kitap |
| Dil: | İspanyolca |
| Baskı/Yayın Bilgisi: |
Santiago
Ediciones Jurídicas de Santiago
2017
|
| Edisyon: | 1a. ed |
| Konular: | |
| Etiketler: |
Etiketle
Etiket eklenmemiş, İlk siz ekleyin!
|
MARC
| LEADER | 00000cam a2200000 a 4500 | ||
|---|---|---|---|
| 001 | UCD7194 | ||
| 003 | CL-VaPUC | ||
| 008 | 170309e20170100cl |||||||||||||||||spa|d | ||
| 020 | |a 9789569709289 | ||
| 082 | 0 | 4 | |a 347.06 |b COR |2 21 |
| 100 | 0 | |a Correa Selamé, Jorge Danilo |e author |9 591098 | |
| 245 | 1 | 3 | |a La sana crítica: doctrina - jurisprudencia |
| 250 | |a 1a. ed | ||
| 300 | |a 350 p | ||
| 942 | |c BK | ||
| 945 | |d 20170309 22:28:00 |a arojas | ||
| 260 | |a Santiago |b Ediciones Jurídicas de Santiago |c 2017 | ||
| 650 | 7 | |a PRUEBA PERICIAL |2 CL-VaPUC |9 258499 | |
| 650 | 0 | |a Derecho procesal penal |9 255496 | |
| 650 | 0 | |a Procedimiento civil |9 254870 | |
| 650 | 7 | |a PERITAJE |2 CL-VaPUC |9 460010 | |
| 650 | 0 | |a Prueba testimonial |9 370024 | |
| 583 | |a last modification |c 20170309 22:28:00 |k Rodrigo Vera | ||
| 999 | |c 367264 |d 367262 | ||
| 952 | |0 0 |1 0 |3 erb |4 0 |6 347_060000000000000_COR_2017 |7 0 |8 A |9 482064 |a BIBDER |b BIBDER |i 5364477 |l 3 |m 2 |o 347.06 COR 2017 |p 5364477 |q 2025-07-31 |r 2024-01-25 |s 2024-01-25 |w 2019-11-24 |y BK |z Catalogado en:20170309 |k DER | ||